[Event "IND-ch (Women) 46th"]
[Site "Managiri"]
[Date "2019.07.25"]
[Round "9"]
[White "Gomes, Mary Ann"]
[Black "Swati, Ghate"]
[Result "1-0"]
[WhiteElo "2303"]
[BlackElo "2192"]
[PlyCount "83"]
[EventDate "2019.07.19"]
[EventType "swiss"]
[EventRounds "11"]
[EventCountry "IND"]
[SourceTitle "EXT 2020"]
[Source "ChessBase"]
[SourceDate "2019.10.17"]
[SourceVersion "1"]
[SourceVersionDate "2019.10.17"]
[SourceQuality "1"]

1. Nf3 Nf6 2. c4 c5 3. Nc3 g6 4. b3 Bg7 5. Bb2 b6 6. g3 Bb7 7. Bg2 0-0 8. 0-0 d6 9. e3 Nbd7 10. d4 a6 11. Re1 Qc7 12. e4 cxd4 13. Nxd4 e6 14. Rc1 Rfd8 15. Ba3 Ne8 16. Re2 Rac8 17. Rd2 Qb8 18. Nde2 Ndf6 19. Rcc2 b5 20. cxb5 axb5 21. Bb4 Qa8 22. f3 d5 23. e5 Nd7 24. f4 Nc7 25. Nd4 Na6 26. Ba5 b4 27. Ncb5 Rxc2 28. Nxc2 Rb8 29. Nd6 Bc6 30. Nd4 Ndc5 31. Qc1 Bd7 32. Bc7 Nxc7 33. Qxc5 Na6 34. Qa5 Qa7 35. Bf1 Rb6 36. Kg2 h5 37. Bb5 Bxb5 38. N4xb5 Rxb5 39. Qxb5 h4 40. Rc2 Bf8 41. Rc8 Nc7 42. Qd7 1-0

[Event "IND-ch (Women) 46th"]
[Site "Managiri"]
[Date "2019.07.21"]
[Round "4"]
[White "Swati, Ghate"]
[Black "Jyothsna, L."]
[Result "1-0"]
[WhiteElo "2192"]
[BlackElo "1939"]
[PlyCount "86"]
[EventDate "2019.07.19"]
[EventType "swiss"]
[EventRounds "11"]
[EventCountry "IND"]
[SourceTitle "EXT 2020"]
[Source "ChessBase"]
[SourceDate "2019.10.17"]
[SourceVersion "1"]
[SourceVersionDate "2019.10.17"]
[SourceQuality "1"]

1. e4 e6 2. d3 d5 3. Nd2 c5 4. Ngf3 Nc6 5. g3 Nf6 6. Bg2 g6 7. 0-0 Bg7 8. exd5 Nxd5 9. Nb3 b6 10. c4 Nde7 11. d4 cxd4 12. Nfxd4 Bb7 13. Bg5 Nxd4 14. Bxb7 Rb8 15. Be4 h6 16. Bf4 e5 17. Nxd4 0-0 18. Ne6 fxe6 19. Bd2 Nf5 20. Bc3 Qc7 21. Qg4 Qf7 22. Rae1 h5 23. Qe2 Rbd8 24. Kg2 g5 25. Bb1 Nd4 26. Qe4 Qf3+ 27. Qxf3 Nxf3 28. Re2 Nd4 29. Re3 h4 30. Rfe1 h3+ 31. Kxh3 Rxf2 32. g4 Rd7 33. Kg3 Rf4 34. Rxe5 Bxe5 35. Rxe5 Rg7 36. Bd2 Nf3 37. Rxg5 Rxg4+ 38. Rxg4 Nxd2 39. Bd3 Rxg4+ 40. Kxg4 e5 41. Kg3 e4 42. Be2 a5 43. Kf4 a4 1-0

[Event "IND-ch (Women) 46th"]
[Site "Managiri"]
[Date "2019.07.19"]
[Round "1"]
[White "Bindu, Saritha K"]
[Black "Swati, Ghate"]
[Result "1-0"]
[WhiteElo "1538"]
[BlackElo "2192"]
[PlyCount "81"]
[EventDate "2019.07.19"]
[EventType "swiss"]
[EventRounds "11"]
[EventCountry "IND"]
[SourceTitle "EXT 2020"]
[Source "ChessBase"]
[SourceDate "2019.10.17"]
[SourceVersion "1"]
[SourceVersionDate "2019.10.17"]
[SourceQuality "1"]

1. d4 Nf6 2. Bf4 d5 3. e3 c5 4. c3 Nc6 5. Bd3 e6 6. Nd2 Be7 7. h3 0-0 8. Ngf3 Nh5 9. Bh2 g6 10. 0-0 Bd6 11. Ne5 Qc7 12. f4 f6 13. Nxc6 bxc6 14. g4 Ng7 15. Qe2 c4 16. Bc2 c5 17. Nf3 Rb8 18. b3 Ba6 19. dxc5 Qxc5 20. b4 Qc7 21. Qd2 Bb7 22. Rae1 Rbd8 23. Qd4 e5 24. Qd2 Rde8 25. fxe5 fxe5 26. a3 d4 27. e4 d3 28. Ba4 Re6 29. Qe3 Qb8 30. Bb5 Bc7 31. Kg2 Ba6 32. Bxa6 Rxa6 33. Qc5 Qb6 34. Qxc4+ Qe6 35. Qxc7 Rxa3 36. Qxe5 Ra2+ 37. Rf2 Qf7 38. Qd5 Rxf2+ 39. Kxf2 Ne6 40. Qxd3 Ng5 41. Re3 1-0

[Event "Asian Continental blitz (Women) op"]
[Site "Xingtai"]
[Date "2019.06.15"]
[Round "2"]
[White "Li, Yunshan"]
[Black "Swati, Ghate"]
[Result "0-1"]
[WhiteElo "2264"]
[BlackElo "2220"]
[PlyCount "132"]
[EventDate "2019.06.15"]
[EventType "swiss (blitz)"]
[EventRounds "9"]
[EventCountry "CHN"]
[SourceTitle "CBM 191 Extra"]
[Source "ChessBase"]
[SourceDate "2019.09.30"]
[SourceVersion "1"]
[SourceVersionDate "2019.09.30"]
[SourceQuality "1"]

1. d4 Nf6 2. c4 e6 3. Nc3 Bb4 4. Nf3 0-0 5. e3 d5 6. Bd2 b6 7. cxd5 exd5 8. Bd3 Bb7 9. 0-0 Bd6 10. Rc1 a6 11. Ne5 c5 12. f4 Nc6 13. Nxc6 Bxc6 14. Qf3 Qe7 15. Rfe1 Ne4 16. Qe2 Bb7 17. Bb1 Rac8 18. Nxe4 dxe4 19. Bc3 c4 20. b3 Bd5 21. bxc4 Bxc4 22. Qf2 Ba3 23. Bb2 Bd5 24. Bxa3 Qxa3 25. Qd2 b5 26. Rc2 h6 27. Rec1 Rc4 28. Rc3 Qe7 29. Bc2 Rxc3 30. Qxc3 b4 31. Qb2 Rc8 32. Bb3 Rxc1+ 33. Qxc1 Qe6 34. Bxd5 Qxd5 35. Qc8+ Kh7 36. Qxa6 Qh5 37. Qf1 Qa5 38. Qe2 Qa3 39. h3 Qc3 40. Kf2 Kg8 41. Qe1 Qb2+ 42. Qe2 Qc3 43. Kg1 g6 44. Kh2 h5 45. d5 Qc5 46. Qd2 Kf8 47. d6 Ke8 48. d7+ Kd8 49. Kg3 Qa7 50. Kf2 Qc5 51. Ke1 Qb5 52. Kd1 Qxd7 53. Qxd7+ Kxd7 54. Kc2 Kc6 55. Kb3 Kb5 56. h4 f6 57. g3 f5 58. Kb2 Ka4 59. Ka1 Ka3 60. Kb1 b3 61. axb3 Kxb3 62. Kc1 Kc3 63. Kd1 Kd3 64. Ke1 Kxe3 65. Kf1 Kf3 66. Kg1 Kxg3 0-1

[Event "Asian Continental op (Women) 18th"]
[Site "Xingtai"]
[Date "2019.06.11"]
[Round "5"]
[White "Munkhzul, Turmunkh"]
[Black "Swati, Ghate"]
[Result "1-0"]
[WhiteElo "2371"]
[BlackElo "2220"]
[PlyCount "85"]
[EventDate "2019.06.07"]
[EventType "swiss"]
[EventRounds "9"]
[EventCountry "CHN"]
[SourceTitle "CBM 190 Extra"]
[Source "ChessBase"]
[SourceDate "2019.07.15"]
[SourceVersion "1"]
[SourceVersionDate "2019.07.15"]
[SourceQuality "1"]

1. e4 e5 2. Nf3 Nc6 3. Bb5 a6 4. Ba4 g6 5. 0-0 Bg7 6. c3 d6 7. d4 Bd7 8. d5 Nce7 9. Bxd7+ Qxd7 10. c4 h6 11. Nc3 f5 12. Ne1 Nf6 13. f3 0-0 14. Nd3 f4 15. Bd2 g5 16. c5 h5 17. Na4 Rae8 18. cxd6 cxd6 19. Nb6 Qd8 20. Ba5 Ng6 21. Rc1 Qe7 22. Qc2 g4 23. Qc7 Rf7 24. Qxe7 Rfxe7 25. Bb4 Rd8 26. Rc2 Bf8 27. Rfc1 Rg7 28. Kf2 Ne8 29. Kf1 Be7 30. Rc8 Nh4 31. Ne1 Kf7 32. Ba5 Rg8 33. Rxd8 Bxd8 34. Rc8 Bc7 35. Nc4 Bxa5 36. Nxa5 b6 37. Nc6 Nf6 38. Rc7+ Ke8 39. Ra7 a5 40. Re7+ Kf8 41. Rb7 g3 42. h3 Rg7 43. Rxb6 1-0